Diesels of the Espee, volume one : Alco PA's /

Bibliographic Details
Main Author: Lloyd, J. G. (J. Gordon)
Other Authors: Cortani, Roger M. (Compiler), Strapac, Joseph A.
Format: Book
Language:English
Published: Burlingame, California : Chatham Publishing Company, 1975.
Subjects:

MARC

Tag First Indicator Second Indicator Subfields
LEADER 00000cam a2200000 i 4500
001 in00000008707
005 20151003080030.0
008 790404s1975 caua 00010 eng d
010 |a  75038238  
035 |a (OCoLC)04819820 
035 |9 AAA1108AM 
040 |a CSB  |c CSB  |d m/c  |d TXA  |d UtOrBLW 
050 4 |a TJ619  |b .L58 1975 
100 1 |a Lloyd, J. G.  |q (J. Gordon) 
245 1 0 |a Diesels of the Espee, volume one :  |b Alco PA's /  |c Compiled by Roger M. Cortani ; Text by Gordon Lloyd, Jr. and Joseph A. Strapac. 
264 1 |a Burlingame, California :  |b Chatham Publishing Company,  |c 1975. 
300 |a 111 pages :  |b plates ;  |c 29 cm. 
336 |a text  |b txt  |2 rdacontent 
337 |a unmediated  |b n  |2 rdamedia 
338 |a volume  |b nc  |2 rdacarrier 
650 0 |a Diesel locomotives  |x History. 
610 2 0 |a Southern Pacific Railroad Company. 
610 2 0 |a American Locomotive Company. 
700 1 |a Cortani, Roger M.,  |e compiler. 
700 1 |a Strapac, Joseph A. 
740 0 |a Alco PA's. 
999 |a MARS 
999 f f |s ad290786-9a58-35ed-80a5-d435e27fd2d3  |i 68833da2-15bf-3009-ae63-b20c0febbc4d  |t 0 
952 f f |p ric  |a Texas A&M University  |b Rellis Campus  |c Joint Library Facility  |d Remote Storage  |t 0  |e TJ619 .L58 1975  |h Library of Congress classification  |i unmediated -- volume  |m A14812583752 
998 f f |a TJ619 .L58 1975  |t 0  |l Remote Storage